000 00806nab a2200241 u 4500
001 10951
003 HDC
007 cr bn ---aaaaa
008 210206c mydr|nes 0 a may d
040 _aHDC
245 0 _aJAIP Lulus Permohonan Sijil Halal Kepada 123 Premis Makanan
260 _a[no place] :
_b[publisher not identified],
_c[no year]
336 _atext
_2rdacontent
337 _acomputer
_2rdamedia
338 _aonline resource
_2rdacarrier
650 _aHalal certificate
_9482
650 _aHalal food industry
_9128
710 _aMalaysian Digest
856 _zRequest full-text at [email protected]
942 _2lcc
942 _cNEWS
942 _kNWSO 000278
999 _c8274
_d8274